| 000 | 00394nam a22001697a 4500 | ||
|---|---|---|---|
| 003 | OSt | ||
| 008 | 230509b |||||||| |||| 00| 0 eng d | ||
| 020 | _a978930166268 | ||
| 082 | _a332.4019 MOT | ||
| 100 | _aHOUSEL,Morgan | ||
| 245 | _aThe Psychology of Money | ||
| 250 | _aIMP 55th | ||
| 260 |
_aNew Delhi _bJaico _c2022 |
||
| 300 | _a242 | ||
| 650 | _aDecentralization | ||
| 942 |
_2ddc _cREF |
||
| 999 |
_c12003 _d12003 |
||